1280 1699 1894 1120 1780 1456 1322 1105 1785 1555 1489 1277 1404 1679 1361 1435 1778 1972 1873 1680 1308 1985 1225 1552 1011 1230 1445 1769 1595 1066 1524 1597 1637 1974 1660 1162 1789 1599 1237 1025 1258 1750 1765 1553 1966 1315 1121 1791 1480 1267 1417 1107 1576 1220 1858 1061 1502 1820 1330 1625 1992 1784 1852 1871 1338 1471 1567 1962 1285 1956 1427 1259 1829 1195 1451 1453 1761 1556 1812 1944 1564 1906 1994 1273 1048 1421 1246 1406 1760 1233 1421 1654 1924 1794 1636 1887 1152 1330 1659 BCNSPRNW ULIB Ver.6.0+V

เปลี่ยนเป็นภาษาไทย

Change to English
 แสดงรายละเอียดบรรณานุกรม
  กลับหน้าหลัก

Brief Record : Get Marc (ISO 2709) : E-mail record : QR code < ปิดหน้าต่าง
LEADER : 00000nam 2200000uu 4500
001    13399121528
003     ULIB
008    121122s2548||||th 000 0 tha d
020    ^a9745066028
060 04 ^aWX150^bม258ม
245 00 ^aมองอย่างบรรลุ /^cชมรมแพทย์ชนบท
250    ^aพิมพ์ครั้งที่ 1
260    ^aกรุงเทพฯ :^bสร้างสื่อ,^c2548
300    ^a70 หน้า :^bภาพประกอบ ;^c21 ซม.
500    ^aรวมบทความจากวารสารโรงพยาบาลชุมชนที่เขียนโดย นพ. บรรลุศิริพานิช
536    ^aสนับสนุนโดย กระทรวงสาธารณสุข, ชมรมแพทย์ชนบท
650  7 ^aโรงพยาบาลชุมชน^vรวมเรื่อง
710 2  ^aชมรมแพทย์ชนบท
710 2  ^aกระทรวงสาธารณสุข
945    ^p0^l0^i24323
945    ^p0^l0^i24324
995    ^aวิภา
999 ^a ใช้งานได้ทุกระบบ
รายการนี้ยังไม่มีแท็ก
คุณยังไม่ได้ล็อกอิน คุณสามารถมีกิจกรรมร่วมกับเว็บไซต์ได้ แต่ต้องล็อกอินก่อน ::
  ล็อกอิน

รายการสื่อสารสนเทศ

ลำดับที่ ประเภท เลขเรียก/บาร์โค้ด สถานที่ สถานะ
1. วิทยาศาสตร์การแพทย์ และสุขภาพ
วิทยาศาสตร์การแพทย์ และสุขภาพ
WX150 ม258ม  
  Barcode: 24323
ห้องสมุดวิทยาเขตสวรรค์ประชารักษ์
►ส่วนจัดเก็บหนังสือเก่า สปร
บนชั้น
  ขอยืม
2. วิทยาศาสตร์การแพทย์ และสุขภาพ
วิทยาศาสตร์การแพทย์ และสุขภาพ
WX150 ม258ม ฉ.2 
  Barcode: 24324
ห้องสมุดวิทยาเขตสวรรค์ประชารักษ์
►ส่วนจัดเก็บหนังสือเก่า สปร
บนชั้น
  ขอยืม

BibComment


ยังไม่เคยถูกคอมเมนท์

คอมเมนท์ทรัพยากรรายการนี้
  คอมเมนท์: มองอย่างบรรลุ ช..


 Copyright 2026. Bcnsprnw @Library